Arquivo Nelson Werneck Sodré : (Record no. 1377)
[ view plain ]
| 000 -LÍDER | |
|---|---|
| Campo Fixo de Controle | 01302nam a2200301 a 4500 |
| 001 - NÚMERO DE CONTROLE | |
| Campo de Controle | 1377 |
| 003 - IDENTIFICAÇÃO DO NÚMERO DE CONTROLE | |
| Campo de Controle | BR-CuiBMT |
| 005 - DATA E HORA DA ÚLTIMA ATUALIZAÇÃO | |
| Campo de Controle | 20231206135034.0 |
| 008 - DADOS FIXOS | |
| Dados Fixos | 231201s2012 dfba 001 0 por d |
| 020 ## - INTERNATIONAL STANDARD BOOK NUMBER | |
| Nº do ISBN | 9788570184535 |
| 040 ## - AGÊNCIA CATALOGADORA | |
| Código da Agência Catalogadora | BR-CuiBMT |
| Agência que transcreveu o registro | BR-CuiBMT |
| 080 ## - Nº DA CLASSIFICAÇÃO DECIMAL UNIVERSAL | |
| Nº Class. CDU | 82-94:070 |
| Nº edição CDU | 2007 |
| 090 ## - NÚMERO DE CHAMADA | |
| Nº classificação | 82-94:070 |
| Cutter | A772 |
| 245 00 - TÍTULO PRINCIPAL | |
| Título principal | Arquivo Nelson Werneck Sodré : |
| Subtítulo | catálogo da obra jornalística / |
| Indicação de responsabilidade | Luitgarde Oliveira Cavalcanti Barros, Ana Lúcia Merege, Vera Lúcia Miranda Faillace, (organização) ; [autores Luitgarde Oliveira Cavalcanti Barros ... et al.] ; colaboradores: Alex Conceição Vasconcelos da Silva, Maria Batista Ramos. |
| 260 ## - PUBLICAÇÃO, DISTRIBUIÇÃO, ETC. | |
| Local de publicação | Brasília : |
| Editora | Senado Federal : |
| -- | Conselho Editorial, |
| Data | 2012. |
| 300 ## - DESCRIÇÃO FÍSICA | |
| N. páginas ou volumes | 695 p. : |
| Ilustrações | il. ; |
| Dimensões | 23 cm |
| 490 1# - INDICAÇÃO DE SÉRIE | |
| Título da série | Coleção edições do Senado Federal ; |
| Volume/designação sequencial da série | v. 181 |
| 504 ## - NOTA DE BIBLIOGRAFIA, ETC. | |
| Nota de bibliografia | Inclui bibliografia e índice. |
| 600 1# - ASSUNTO -- NOME PESSOAL | |
| Nome pessoal | Sodré, Nelson Werneck, |
| Datas associadas ao nome | 1911-1999 |
| 650 ## - ASSUNTO TÓPICO | |
| Cabeçalho tópico ou nome geográfico | Bibliografia |
| Subdivisão geral | Catálogos |
| 650 ## - ASSUNTO TÓPICO | |
| Cabeçalho tópico ou nome geográfico | Literatura |
| Subdivisão geral | História e crítica |
| Subdivisão geográfica | Brasil |
| 650 ## - ASSUNTO TÓPICO | |
| Cabeçalho tópico ou nome geográfico | Jornalista |
| Subdivisão geral | Historiador |
| Subdivisão geográfica | Brasil |
| 700 ## - ENTRADA SECUNDÁRIA -- NOME PESSOAL | |
| Nome pessoal | Barros, Luitgarde Oliveira Cavalcanti, |
| Datas associadas ao nome | 1941- |
| Cód. do termo explicativo | org. |
| 700 ## - ENTRADA SECUNDÁRIA -- NOME PESSOAL | |
| Nome pessoal | Merege, Ana Lúcia, |
| Datas associadas ao nome | 1969- |
| Cód. do termo explicativo | org. |
| 700 ## - ENTRADA SECUNDÁRIA -- NOME PESSOAL | |
| Nome pessoal | Faillace, Vera Lúcia Miranda, |
| Datas associadas ao nome | 1956- |
| Cód. do termo explicativo | org. |
| 830 #0 - ENTRADA SECUNDÁRIA DE SÉRIE -- TÍTULO UNIFORME | |
| Título uniforme | Edições do Senado Federal ; |
| Nº do volume/designação sequencial da série | 181 |
| 942 ## - ELEMENTOS DE ENTRADA ADICIONAIS (KOHA) | |
| Fonte de classificação ou esquema de arquivamento | Classificação Decimal Universal |
| Tipo de item do Koha | Livros |
| Estado: removido | Estado: perdido | Fonte de classificação ou esquema de arquivamento | Estado: danificado | Indisponível para empréstimo | Localização permanente | Localização atual | Data de aquisição | Total Checkouts | Número de Chamada completo | Código de barras | Date last seen | Número do exemplar | Preço efetivo a partir de | Tipo de item (Koha) |
|---|---|---|---|---|---|---|---|---|---|---|---|---|---|---|
| Classificação Decimal Universal | Biblioteca da Escola Superior de Contas do TCE/MT | Biblioteca da Escola Superior de Contas do TCE/MT | 06/12/2023 | 82-94:070 A772 | BIBTCEMT23120257 | 06/12/2023 | Ex. 1 | 06/12/2023 | Livros |